000 00412nam a2200181Ia 4500
005 20240823044951.0
008 240823s9999||||xx |||||||||||||| ||und||
041 _aENGLISH
082 _A519
100 _aVenkataraman N et al.
245 0 _aApplied Mathematics
250 _a1st
260 _bN V Publica
500 _aTRANSFERED
650 _aMathematics
_bMathematics
942 _cBK
999 _c213853
_d213853